000 02361cam a22004337i 4500
999 _c127601
_d127601
001 18285445
003 ARRUPE
005 20180313141120.0
008 140829t20152015cau b 001 0 eng d
010 _a 2014949938
020 _a9781586179564
020 _a158617956X
035 _a(OCoLC)ocn898925547
040 _aBTCTA
_beng
_cBTCTA
_erda
_dBDX
_dPCJ
_dOCLCO
_dORX
_dSTU
_dYDXCP
_dOCLCF
_dJES
_dXII
_dOCLCA
_dDLC
042 _alccopycat
050 0 0 _aBV4647.J68
_bS65 2015
082 0 4 _a248.4
_223
100 1 _aSpitzer, Robert J.,
_d1952-
_940508
245 1 0 _aFinding true happiness :
_bsatisfying our restless hearts /
_cRobert J. Spitzer, S.J., Ph.D.
260 _aSan Francisco
_bIgnatius Press
_c2015
300 _a312 p. ;
_c23 cm.
490 1 _aHappiness, suffering and transcendence ;
_vv. 1
520 8 _aThis book attempts to provide a way out of the personal and cultural vacuum of unhappiness by helping people to identify and reach for happiness It is both a philosophical itinerary and a practical guidebook for life's most important journey--from the mundane and the meaningless to transcendent fulfillment. --Book cover.
650 0 _aHappiness
_xReligious aspects
_xChristianity.
_940509
650 0 _aSuffering
_xReligious aspects
_xChristianity .
_940510
650 0 _aDesire for God.
_940511
800 1 _aSpitzer, Robert J.,
_d1952-
_tHappiness, suffering and transcendence ;
_vv. 1.
_940512
906 _a7
_bcbc
_ccopycat
_d2
_eepcn
_f20
_gy-gencatlg
942 _2lcc
_cMONOGRAPH